000 02414cam a22002054a 4500
005 20250605163518.0
008 250528s ||||||||||||||||||||||||d
035 _a20821
020 _a9789604520480
040 _aGR-AtMCL
_bgre
_dGR-AtMCL
_eAACR2
245 1 _aΒασική Ανατομική / Με Κλινικό Προσανατολισμό: Δ' 'Εκδοση
250 _a
260 _bΒήτα,
_c2008
300 _a288
520 _aΤο παρόν βιβλίο περιέχει βασικές γνώσεις Περιγραφική Ανατομικής, Ιστολογίας και Εμβρυολογίας. Πρόλογος, Εισαγωγή, Γενική Κατασκευή του Σώματος, Κύτταρα του Σώματος, Πυρήνας, Πρωτόπλασμα ή Κυτταρόπλασμα, Κυτταρική Μεμβράνη, Θρέψη των Κυττάρων, Φυσιολογικές Ιδιότητες του Πρωτοπλάσματος, Μίτωση, Εξειδίκευση των Κυττάρων - Ιστοί του Σώματος, Αναπαραγωγή των Κυττάρων, Θερμοκρασία του Σώματος, Καρκίνος, Οι Ιστοί του Σώματος, Επιθηλιακός Ιστός, Ερειστικός Ιστός, Μηχανισμοί Άμυνας, Νευρικός Ιστός, Μυϊκός Ιστός, Τα Όργανα του Σώματος, Όργανα του Επιθηλιακού Ιστού, Όργανα του Ερειστικού Ιστού, Όργανα του Μυϊκού Ιστού, Όργανα του Νευρικού Ιστού, Δέρμα, Συστήματα Οργάνων, Ερειστικό Σύστημα, Μυϊκό Σύστημα, Αναπνευστικό Σύστημα, Κυκλοφορικό Σύστημα, Νευρικό Σύστημα, Σύστημα Αισθητήριων Οργάνων, Πεπτικό Σύστημα, Οτυροποιητικό Σύστημα, Γεννητικό Σύστημα, Σύστημα Ενδόκρινων Αδένων, Επιφανειακή Ανατομία, Κεφαλή, Λαιμός, Ράχη, Θώρακας, Κοιλιά, Περίνεο, Άνω Άκρα, Κάτω Άκρα Λεξιλόγιο, Ασκήσεις Επανάληψης, Βιβλιογραφία.
700 1 _aΤσακρακλίδης Βασίλης
942 _cBK
999 _c5903
_d5903